World of Animals (Record no. 204849)

MARC details
000 -LEADER
fixed length control field 00422nam a2200181Ia 4500
008 - FIXED-LENGTH DATA ELEMENTS--GENERAL INFORMATION
fixed length control field 240823s9999||||xx |||||||||||||| ||und||
082 ## - DEWEY DECIMAL CLASSIFICATION NUMBER
-- 591 P1
100 ## - MAIN ENTRY--PERSONAL NAME
Personal name Aneesh Aazmi
245 #0 - TITLE STATEMENT
Title World of Animals
250 ## - EDITION STATEMENT
Edition statement 1st
260 ## - PUBLICATION, DISTRIBUTION, ETC. (IMPRINT)
Date of publication, distribution, etc 2001
Name of publisher, distributor, etc National Council for Promotion of Urdu Lan
500 ## - GENERAL NOTE
General note YES
650 ## - SUBJECT ADDED ENTRY--TOPICAL TERM
Topical term or geographic name as entry element Animals
942 ## - ADDED ENTRY ELEMENTS (KOHA)
Item type Books
Holdings
Withdrawn status Lost status Damaged status Permanent location Current location Date acquired Source of acquisition Cost, normal purchase price Full call number Barcode Date last seen Koha item type
      CENTRAL LIBRARY, NOORUL ISLAM CENTRE FOR HIGHER EDUCATION CENTRAL LIBRARY, NOORUL ISLAM CENTRE FOR HIGHER EDUCATION 05/21/2014 Gift from VC 55.00 591 P1 55625 08/23/2024 Books
Visitors:
Copyright © 2024 Central Library NICHE.  All rights reserved.